| 000 | 00751nam a2200241Ia 4500 | ||
|---|---|---|---|
| 003 | OSt | ||
| 005 | 20220925230906.0 | ||
| 006 | a|||||r|||| 00| 0 | ||
| 007 | ta | ||
| 008 | 220923b |||||||| |||| 00| 0 eng d | ||
| 020 |
_a10:1584350415 _c511.60000000000002 |
||
| 037 |
_bDU0100, 10/03/2008, INDEPENDENT PUBLISHERS GROUP _cGeneral Book |
||
| 040 |
_aRTL _cRTL _beng |
||
| 041 |
_2eng _aeng |
||
| 082 | _aYxN29B:g, P7 | ||
| 100 |
_aBAUDRILLARD Jean _920867 |
||
| 245 | 0 | _aForget Foucault | |
| 260 |
_aLos _bAngeles Semiotext(e) _c2007 |
||
| 300 |
_a125p _ccm. |
||
| 650 | _aSociology | ||
| 942 |
_hYxN29B:g, P7 _cGB _2CC |
||
| 999 |
_c586759 _d586759 |
||